LIBRARY ONLINE CATALOGUE

Journal of accounting and economics. (Record no. 14784)

MARC details
000 -LEADER
fixed length control field 00827cam a22002412 4500
001 - CONTROL NUMBER
control field 0000002473
005 - DATE AND TIME OF LATEST TRANSACTION
control field 20151217160927.0
008 - FIXED-LENGTH DATA ELEMENTS--GENERAL INFORMATION
fixed length control field 070411s xx 000 0 eng d
040 ## - CATALOGING SOURCE
Original cataloging agency KABU
Transcribing agency KABU
050 #0 - LIBRARY OF CONGRESS CALL NUMBER
Classification number HF5601
Item number .J682
245 10 - TITLE STATEMENT
Title Journal of accounting and economics.
260 ## - PUBLICATION, DISTRIBUTION, ETC. (IMPRINT)
Place of publication, distribution, etc. Amsterdam :
Name of publisher, distributor, etc. North-Holland.
310 ## - CURRENT PUBLICATION FREQUENCY
Current publication frequency Quarterly.
500 ## - GENERAL NOTE
General note Library has (bound): 1990-91, 1992, 1993, 1994.
650 #0 - SUBJECT ADDED ENTRY--TOPICAL TERM
Topical term or geographic name as entry element Accounting
Form subdivision Periodicals.
-- 0000151832
650 #0 - SUBJECT ADDED ENTRY--TOPICAL TERM
Topical term or geographic name as entry element Economics
Form subdivision Periodicals.
-- 0000151833
908 ## - PUT COMMAND PARAMETER (RLIN)
Put command parameter 070411
950 ## - LOCAL HOLDINGS (RLIN)
-- 1
Holdings
Withdrawn status Lost status Source of classification or shelving scheme Not for loan Home library Current library Date acquired Total Checkouts Full call number Barcode Date last seen Price effective from Koha item type
    Library of Congress Classification Not For Loan Kabarak, Main Campus Kabarak, Main Campus 17/12/2015   HF5601 .J682 1990-91 003189 17/12/2015 17/12/2015 Periodicals
    Library of Congress Classification Not For Loan Kabarak, Main Campus Kabarak, Main Campus 17/12/2015   HF5601 .J682 15975 17/12/2015 17/12/2015 Periodicals
    Library of Congress Classification Not For Loan Kabarak, Main Campus Kabarak, Main Campus 17/12/2015   HF5601 .J682 1993 003185 17/12/2015 17/12/2015 Periodicals
    Library of Congress Classification Not For Loan Kabarak, Main Campus Kabarak, Main Campus 17/12/2015   HF5601 .J682 1994 003186 17/12/2015 17/12/2015 Periodicals